Загрузка...
Malabar Vol:1
| Главный автор: | |
|---|---|
| Формат: | Printed Book |
| Опубликовано: |
Charithram publications TVM
1981
|
| Предметы: |
| LEADER | 00439nam a2200157 4500 | ||
|---|---|---|---|
| 082 | |a 954.83 LOG-M | ||
| 100 | |a Logan,William | ||
| 245 | |a Malabar Vol:1 |c Logan,William | ||
| 250 | |||
| 260 | |a Charithram publications TVM |c 1981 | ||
| 300 | |||
| 490 | |||
| 650 | |a Kerala History | ||
| 942 | |c BK | ||
| 999 | |c 189295 |d 189295 | ||
| 952 | |0 0 |1 0 |2 ddc |4 0 |6 954_830000000000000_LOGM |7 0 |9 202644 |a ISL |b ISL |l 0 |o 954.83 LOG-M |p ISL0456A |r 2019-10-28 |w 2019-10-28 |y BK | ||